00517nam a2200169Ia 4500008004100000020002200041041000800063082001000071100001400081245004900095250000800144260004000152650002700192942000700219952010600226999001500332230711s9999||||xx |||||||||||||| ||und|| a978-93-5014-159-5 aENG a621.3 aGupta J.B 0aBasic electrical and Electronics Engineering a6th c2011aNew DelhibS.K Kataria & Sons aElectrical Engineering cBK 001040708CaMCLbMCLd0000-00-00l5o621.3p30800r2024-03-20 11:17:26s2024-03-05w2023-08-17yBK c9374d9374